100 ciudades del mundo : (Record no. 24673)

MARC details
000 -LEADER
fixed length control field 00579 a2200205 4500
001 - CONTROL NUMBER
control field sjds
003 - CONTROL NUMBER IDENTIFIER
control field sjds
005 - DATE AND TIME OF LATEST TRANSACTION
control field 20240229141511.0
008 - FIXED-LENGTH DATA ELEMENTS--GENERAL INFORMATION
fixed length control field 240229b |||||||| |||| 00| 0 spa d
020 ## - INTERNATIONAL STANDARD BOOK NUMBER
International Standard Book Number 9781474818513
020 ## - INTERNATIONAL STANDARD BOOK NUMBER
International Standard Book Number 147481851X
040 ## - CATALOGING SOURCE
Transcribing agency sjds
041 ## - LANGUAGE CODE
Language code of text/sound track or separate title spa
100 ## - MAIN ENTRY--PERSONAL NAME
Personal name Brenner, Falko
245 ## - TITLE STATEMENT
Title 100 ciudades del mundo :
Remainder of title [un viaje por las ciudades mas fascinantes del mundo] /
Statement of responsibility, etc. Falko Brenner.
260 ## - PUBLICATION, DISTRIBUTION, ETC. (IMPRINT)
Place of publication, distribution, etc. New York :
Name of publisher, distributor, etc. Parragon Books,
Date of publication, distribution, etc. [20??]
300 ## - PHYSICAL DESCRIPTION
Extent 240 p. :
Other physical details ill. ;
Dimensions 24 cm
500 ## - GENERAL NOTE
General note
942 ## - ADDED ENTRY ELEMENTS (KOHA)
Koha item type Libro/Book
Holdings
Withdrawn status Lost status Damaged status Not for loan Home library Current library Date acquired Total Checkouts Full call number Barcode Date last seen Price effective from Koha item type
        Las Brisas 1 -- Satellite Las Brisas 1 -- Satellite 25/07/2020   JREF 40002196 25/07/2020 25/07/2020 Libro/Book
        Las Brisas 2 -- Satellite Las Brisas 2 -- Satellite 22/07/2020   JREF 40102218 22/07/2020 22/07/2020 Libro/Book

Powered by Koha